LEADER 02744oas 2201117 a 450 001 9910143846703321 005 20251105213014.0 011 $a1875-1350 035 $a(DE-599)ZDB2438404-5 035 $a(OCoLC)262260356 035 $a(CONSER) 2010247796 035 $a(CKB)1000000000365586 035 $a(EXLCZ)991000000000365586 100 $a20081013a20089999 sy a 101 0 $aeng 135 $aur||||||||||| 181 $ctxt$2rdacontent 182 $cc$2rdamedia 183 $acr$2rdacarrier 200 00$aBiosemiotics 210 $a[Dordrecht], Netherlands $cSpringer 215 $a1 online resource 300 $aRefereed/Peer-reviewed 311 08$a1875-1342 606 $aBiology$xSemiotics$vPeriodicals 606 $aBiological models$vPeriodicals 606 $aCommunication 606 $aModels, Biological 606 $aBiose?miotique$vPe?riodiques 606 $aCommunication 606 $aMode?les biologiques 606 $aInformation 606 $aMe?sinformation 606 $aBiological models$2fast$3(OCoLC)fst00832276 606 $aBiology$xSemiotics$2fast$3(OCoLC)fst01765943 606 $aBiologia$2thub 606 $aComunicació científica$2thub 606 $aSemiòtica$2thub 608 $aPeriodical. 608 $aperiodicals.$2aat 608 $aPeriodicals.$2fast 608 $aPeriodicals.$2lcgft 608 $aPe?riodiques.$2rvmgf 608 $aRevistes electròniques.$2thub 615 0$aBiology$xSemiotics 615 0$aBiological models 615 12$aCommunication. 615 22$aModels, Biological. 615 6$aBiose?miotique 615 6$aCommunication. 615 6$aMode?les biologiques. 615 6$aInformation. 615 6$aMe?sinformation. 615 7$aBiological models. 615 7$aBiology$xSemiotics. 615 7$aBiologia. 615 7$aComunicació científica. 615 7$aSemiòtica. 801 0$bHNK 801 1$bHNK 801 2$bHNK 801 2$bAU@ 801 2$bCIT 801 2$bPFM 801 2$bQE2 801 2$bOCLCQ 801 2$bOCLCF 801 2$bOCLCQ 801 2$bEZC 801 2$bU3W 801 2$bOCLCO 801 2$bWYU 801 2$bOCLCO 801 2$bUKMGB 801 2$bOCLCA 801 2$bVT2 801 2$bOCLCO 801 2$bNJT 801 2$bOCLCO 801 2$bDLC 801 2$bOCLCA 801 2$bOCL 801 2$bUBY 801 2$bBWN 801 2$bCUS 801 2$bOCLCQ 801 2$bDXU 801 2$bCEF 801 2$bSFB 801 2$bQGK 801 2$bOCLCL 801 2$bOCLCQ 906 $aJOURNAL 912 $a9910143846703321 996 $aBiosemiotics$92245287 997 $aUNINA